Municipalities Of Liechtenstein Quiz - Statistics

General Stats
  • This quiz has been taken 15 times
  • The average score is 9 of 11
Answer Stats
Municipality % Correct
Vaduz
100%
Balzers
86%
Planken
86%
Schaan
86%
Schellenberg
86%
Triesen
86%
Triesenberg
86%
Eschen
71%
Gamprin
71%
Mauren
71%
Ruggell
71%
No matching quizzes found
Score Distribution
Percent of People with Each Score
Percentile by Number Answered
Your Score History
You have not taken this quiz